00265nam a2200109Ia 4500008004100000100001300041245004100054260002400095650001200119942000700131999001700138190216s9999||||xx |||||||||||||| ||und|| aNaik J A 0aText Book Of International Relations bMacmillan India Ltd aHistory cBK c19977d19977